01354nam a2200277Ia 4500003000400000005001700004008004100021020002900062040001700091082001900108100001800127245011700145250001200262260004500274300001700319650003100336650004200367700001500409942000900424952012600433952012600559952012600685952012600811952012600937999001301063IIN20240103114638.0231217s9999 xx 000 0 und d cRs.799.00a9789389335651 aIINbEnglish a610.73677bKEA1 aKear, Tamara  aClinical Handbook for Brunner and Suddarth's bTextbook of Medical- Surgical NursingcTamara Kear and S. Madhavi a14th ed bWolters KluweraGurgaon/ New Delhic2019 a"xv, 854 p." aMedical Surgical vNursing aMedical Surgical vClinical Handbook 1 aMadhavi, S cBOOK 00102ddc40708Purches BookaIINbIINd2023-12-17g799.00l0o610.73677 KEAp183r2023-12-17 21:32:14w2023-12-17yBOOK 00102ddc40708Purches BookaIINbIINd2023-12-17g799.00l0o610.73677 KEAp184r2023-12-17 21:32:14w2023-12-17yBOOK 00102ddc40708Purches BookaIINbIINd2023-12-17g799.00l0o610.73677 KEAp185r2023-12-17 21:32:14w2023-12-17yBOOK 00102ddc40708Purches BookaIINbIINd2023-12-17g799.00l0o610.73677 KEAp186r2023-12-17 21:32:14w2023-12-17yBOOK 00102ddc40708Purches BookaIINbIINd2023-12-17g799.00l0o610.73677 KEAp187r2023-12-17 21:32:14w2023-12-17yBOOK c188d188